| 000 | 00391nam a2200145Ia 4500 | ||
|---|---|---|---|
| 008 | 210210b1968 xxu||||| |||| 00| 0 eng d | ||
| 082 | _a821.009 MACM | ||
| 100 | _aMACNEICE (Louis). | ||
| 245 | _aModern poetry: a personal essay. | ||
| 260 |
_aOxford _bAt the Clarendon Press _c1968 |
||
| 300 | _axix,205 | ||
| 650 | _aEnglish Poetry | ||
| 690 | _aEnglish Poetry Criticism | ||
| 906 | _a027369 | ||
| 999 |
_c78658 _d78658 |
||